[Event "Titled Tuesday intern op 28th May Early"]
[Site "Chess.com INT"]
[Date "2024.05.28"]
[Round "10"]
[White "Shvedova, Alexandra"]
[Black "Galchenko, Matvey"]
[Result "0-1"]
[WhiteElo "2196"]
[BlackElo "2438"]
[PlyCount "106"]
[EventDate "2024.05.28"]
[EventType "swiss (blitz)"]
[EventRounds "11"]
[EventCountry "USA"]
[SourceTitle "EXT 2025"]
[Source "ChessBase"]
[SourceDate "2024.10.14"]
[SourceVersion "1"]
[SourceVersionDate "2024.10.14"]
[SourceQuality "1"]

1. e4 e6 2. d4 d5 3. Nd2 a6 4. Ngf3 Nf6 5. e5 Nfd7 6. Bd3 c5 7. c3 Nc6 8. 0-0 g5 9. dxc5 g4 10. Nd4 Ndxe5 11. N2b3 Nxd3 12. Qxd3 e5 13. Nxc6 bxc6 14. f3 gxf3 15. Qxf3 Be6 16. Qg3 Qb8 17. Bg5 Rg8 18. Qe3 a5 19. Bf6 e4 20. c4 a4 21. cxd5 cxd5 22. Nd2 Qb5 23. Rac1 Rc8 24. Bd4 Rg6 25. Nb1 Bh6 26. Qf2 Bxc1 27. Rxc1 Qd3 28. Nc3 h5 29. Rd1 Qc4 30. Ne2 Bg4 31. Rf1 Rc7 32. Nf4 Rg8 33. Kh1 h4 34. Re1 h3 35. Nxh3 Bxh3 36. gxh3 Qd3 37. h4 Kd8 38. Bf6+ Kc8 39. Be5 Re7 40. Bd6 Re6 41. Qxf7 Qf3+ 42. Qxf3 exf3 43. Rf1 Re3 44. Bg3 d4 45. h5 d3 46. h6 Rh8 47. Bf4 Re4 48. Rxf3 Rd4 49. Kg2 d2 50. Bxd2 Rxd2+ 51. Kg1 Rxh6 52. Kf1 Rhxh2 53. Ke1 Rxb2 0-1

[Event "Titled Tuesday intern op 28th May Early"]
[Site "Chess.com INT"]
[Date "2024.05.28"]
[Round "9"]
[White "Srihari, Lakshmi"]
[Black "Shvedova, Alexandra"]
[Result "1-0"]
[WhiteElo "2400"]
[BlackElo "2196"]
[PlyCount "99"]
[EventDate "2024.05.28"]
[EventType "swiss (blitz)"]
[EventRounds "11"]
[EventCountry "USA"]
[SourceTitle "EXT 2025"]
[Source "ChessBase"]
[SourceDate "2024.10.14"]
[SourceVersion "1"]
[SourceVersionDate "2024.10.14"]
[SourceQuality "1"]

1. e4 c5 2. Nf3 d6 3. d4 cxd4 4. Qxd4 Nc6 5. Qe3 Nf6 6. h3 g6 7. Be2 Bg7 8. 0-0 0-0 9. c4 Qb6 10. Nc3 Be6 11. Rd1 Nd7 12. Rb1 Nde5 13. Nd5 Qxe3 14. Bxe3 Nxf3+ 15. Bxf3 Rfc8 16. b3 Kf8 17. Be2 f5 18. exf5 Bxf5 19. Bd3 Kf7 20. Rbc1 Ne5 21. Bxf5 gxf5 22. f4 Nd7 23. g4 Nf6 24. Nxf6 Bxf6 25. Kf2 Rg8 26. Kf3 b6 27. Rd5 e5 28. Rxd6 fxg4+ 29. hxg4 Rgd8 30. Rcd1 Rxd6 31. Rxd6 exf4 32. Bxf4 Be7 33. Rd7 Ke6 34. Rb7 Rf8 35. Ke4 Rg8 36. g5 Bxg5 37. Bxg5 Rxg5 38. Rxa7 h5 39. Rb7 Rg2 40. Rxb6+ Kd7 41. Rh6 Rh2 42. a4 h4 43. Kd5 h3 44. Kc5 Rh1 45. b4 h2 46. a5 Kc7 47. Rh7+ Kd8 48. b5 Kc8 49. a6 Kb8 50. b6 1-0